[Event "Titled Tuesday intern op 21st Jun Early"]
[Site "Chess.com INT"]
[Date "2022.06.21"]
[Round "7"]
[White "Kowalysko, Roman"]
[Black "Lorne, Ras Malaku"]
[Result "1-0"]
[WhiteElo "1957"]
[BlackElo "2079"]
[PlyCount "57"]
[EventDate "2022.06.21"]
[EventType "swiss (blitz)"]
[EventRounds "11"]
[EventCountry "USA"]
[SourceTitle "EXT 2023"]
[Source "ChessBase"]
[SourceDate "2022.10.05"]
[SourceVersion "1"]
[SourceVersionDate "2022.10.05"]
[SourceQuality "1"]

1. e4 c6 2. Nf3 d5 3. exd5 cxd5 4. Ne5 Nc6 5. d4 Qb6 6. c4 Qxd4 7. Qxd4 Nxd4 8. cxd5 a6 9. Na3 Bf5 10. Be3 Nc2+ 11. Nxc2 Bxc2 12. Rc1 Be4 13. Bc4 f6 14. Nf3 b5 15. Bb3 Rd8 16. Rd1 Nh6 17. 0-0 Nf5 18. Rfe1 Nd6 19. Bc5 Bxf3 20. gxf3 Kd7 21. a4 h5 22. Bxd6 exd6 23. axb5 axb5 24. Ra1 Rc8 25. Ra7+ Rc7 26. Ra5 Rb7 27. Bc2 Be7 28. Bf5+ Kd8 29. Ra8+ 1-0

[Event "Online Olym Div2 E"]
[Site "Chess.com INT"]
[Date "2021.09.03"]
[Round "6.4"]
[White "Lorne, Ras Malaku"]
[Black "Minero Pineda, Sergio"]
[Result "0-1"]
[WhiteElo "2117"]
[BlackElo "2361"]
[PlyCount "131"]
[EventDate "2021.09.02"]
[EventType "team (rapid)"]
[EventRounds "9"]
[EventCountry "USA"]
[SourceTitle "CBM 204 Extra"]
[Source "ChessBase"]
[SourceDate "2021.11.30"]
[SourceVersion "1"]
[SourceVersionDate "2021.11.30"]
[SourceQuality "1"]
[WhiteTeam "Jamaica"]
[BlackTeam "Costa Rica"]
[WhiteTeamCountry "JAM"]
[BlackTeamCountry "CRI"]

1. d4 Nf6 2. Bg5 e6 3. e3 Be7 4. Bd3 0-0 5. Nf3 c5 6. c3 b6 7. Nbd2 Bb7 8. 0-0 d6 9. Qe2 h6 10. Bh4 Nh5 11. Bxe7 Qxe7 12. Rad1 Nc6 13. Ba6 Rfd8 14. Rfe1 cxd4 15. exd4 Nf4 16. Qf1 Bxa6 17. Qxa6 d5 18. Ne5 Nxe5 19. Rxe5 Ng6 20. Re3 Rab8 21. a4 Qb7 22. Qe2 b5 23. axb5 Qxb5 24. Qxb5 Rxb5 25. b4 a5 26. bxa5 Rxa5 27. g3 Rb8 28. Nf3 Ne7 29. Ne5 Ra2 30. Nd3 Nf5 31. Ree1 Nd6 32. Ra1 Rxa1 33. Rxa1 Rb3 34. Ne5 Rxc3 35. Ra7 Nf5 36. Nxf7 Nxd4 37. Nd8 Rc8 38. Nf7 Nc6 39. Rd7 Rf8 40. Nd6 Rd8 41. Rxd8+ Nxd8 42. f4 Kf8 43. Kf2 Ke7 44. Nb5 Nf7 45. Ke3 Nd6 46. Nc3 Nf5+ 47. Kd3 g5 48. Ne2 gxf4 49. Nxf4 Kd6 50. g4 Ne7 51. h4 e5 52. Ng2 e4+ 53. Ke3 Ke5 54. Ne1 d4+ 55. Kf2 Kf4 56. g5 hxg5 57. Ng2+ Kg4 58. hxg5 Kxg5 59. Ke2 Nd5 60. Kd2 Kg4 61. Ne1 Ne3 62. Ke2 Kg3 63. Kd2 Kf2 64. Nd3+ exd3 65. Kxd3 Nf5 66. Kd2 0-1

[Event "Online Olym Div3 E"]
[Site "Chess.com INT"]
[Date "2021.08.27"]
[Round "2.5"]
[White "Edwards, Emar"]
[Black "Lorne, Ras Malaku"]
[Result "0-1"]
[WhiteElo "1702"]
[BlackElo "2117"]
[PlyCount "48"]
[EventDate "2021.08.27"]
[EventType "team-tourn (rapid)"]
[EventRounds "9"]
[EventCountry "USA"]
[SourceTitle "CBM 204 Extra"]
[Source "ChessBase"]
[SourceDate "2021.11.30"]
[SourceVersion "1"]
[SourceVersionDate "2021.11.30"]
[SourceQuality "1"]
[WhiteTeam "Barbados"]
[BlackTeam "Jamaica"]
[WhiteTeamCountry "BAR"]
[BlackTeamCountry "JAM"]

1. c4 c5 2. b3 Nc6 3. Bb2 e5 4. g3 g6 5. Bg2 Bg7 6. Nf3 Nge7 7. 0-0 0-0 8. d3 d6 9. Nc3 f5 10. e4 f4 11. Nd5 Nxd5 12. cxd5 Nd4 13. Nxd4 exd4 14. Bc1 Be5 15. Bd2 Qf6 16. Qf3 g5 17. gxf4 gxf4 18. Kh1 Qh4 19. Rg1 Kh8 20. h3 Bd7 21. Bf1 Rg8 22. Rxg8+ Rxg8 23. Kh2 Bg4 24. Qh1 Bxh3 0-1

[Event "Titled Tuesday intern op 09th Mar"]
[Site "Chess.com INT"]
[Date "2021.03.09"]
[Round "3"]
[White "Hansen, Soren Bech"]
[Black "Lorne, Ras Malaku"]
[Result "0-1"]
[WhiteElo "2274"]
[BlackElo "2117"]
[PlyCount "92"]
[EventDate "2021.03.09"]
[EventType "swiss (blitz)"]
[EventRounds "11"]
[EventCountry "USA"]
[SourceTitle "CBM 201 Extra"]
[Source "ChessBase"]
[SourceDate "2021.05.31"]
[SourceVersion "1"]
[SourceVersionDate "2021.05.31"]
[SourceQuality "1"]

1. e4 c6 2. d4 d5 3. Nc3 dxe4 4. Nxe4 Bf5 5. Ng3 Bg6 6. h4 h6 7. Nf3 Nd7 8. h5 Bh7 9. Bd3 Bxd3 10. Qxd3 Ngf6 11. Bf4 Qa5+ 12. Bd2 Qc7 13. 0-0-0 e6 14. Ne4 Nxe4 15. Qxe4 Nf6 16. Qe2 Bd6 17. g3 0-0-0 18. c4 c5 19. Bc3 Rhe8 20. Kb1 Kb8 21. Rc1 a6 22. Rh4 cxd4 23. Nxd4 Be7 24. a3 Nd7 25. Nb3 Bxh4 26. gxh4 e5 27. Qg4 Nc5 28. Ba5 b6 29. Nxc5 Qxc5 30. Bb4 Qxf2 31. Qxg7 Qf5+ 32. Ka2 Qxh5 33. Qf6 Qg6 34. Qf2 Qe6 35. Ka1 Rc8 36. c5 f5 37. Bd2 Kb7 38. Qg2+ e4 39. cxb6 Rxc1+ 40. Bxc1 Qxb6 41. Qg7+ Ka8 42. Bf4 e3 43. Qg2+ Qb7 44. Qe2 Ka7 45. Bxh6 Qe4 46. Qh5 e2 0-1

[Event "Titled Tuesday intern op 09th Mar"]
[Site "Chess.com INT"]
[Date "2021.03.09"]
[Round "2"]
[White "Lorne, Ras Malaku"]
[Black "Maze, Sebastien"]
[Result "0-1"]
[WhiteElo "2117"]
[BlackElo "2547"]
[PlyCount "132"]
[EventDate "2021.03.09"]
[EventType "swiss (blitz)"]
[EventRounds "11"]
[EventCountry "USA"]
[SourceTitle "CBM 201 Extra"]
[Source "ChessBase"]
[SourceDate "2021.05.31"]
[SourceVersion "1"]
[SourceVersionDate "2021.05.31"]
[SourceQuality "1"]

1. d4 Nf6 2. Bg5 d5 3. Bxf6 gxf6 4. c4 dxc4 5. Nc3 e6 6. e3 a6 7. a4 Nc6 8. Bxc4 Nb4 9. Nge2 Rg8 10. Ng3 b6 11. 0-0 Bb7 12. e4 Bd6 13. Qh5 Rg7 14. Bxe6 Bxg3 15. hxg3 Qxd4 16. Rad1 Qe5 17. Bd7+ Ke7 18. Bf5 Bc6 19. Qh6 Rag8 20. Qe3 h5 21. Rfe1 h4 22. g4 Rd8 23. Rxd8 Kxd8 24. Rd1+ Ke7 25. Qh6 Rg8 26. Qxh4 Nc2 27. Qh7 Rf8 28. Qg7 Nd4 29. g5 Ne6 30. gxf6+ Qxf6 31. Qg3 Qg7 32. Qe3 Rd8 33. Nd5+ Kf8 34. Re1 Nc5 35. b3 Bxd5 36. exd5 Qf6 37. Be4 Re8 38. f3 Re5 39. Rd1 Qd6 40. Qc3 Rg5 41. Kf1 Qh6 42. Kf2 Qh4+ 43. Ke3 Rxg2 44. Qe5 Qh6+ 45. Kd4 Rd2+ 46. Rxd2 Qxd2+ 47. Kc4 Qe2+ 48. Kd4 Qb2+ 49. Kc4 Qxe5 50. a5 Qd6 51. axb6 cxb6 52. b4 b5+ 53. Kc3 Nxe4+ 54. Kd4 Qe5+ 55. Kxe5 Nd2 56. d6 Ke8 57. Kd5 Kd7 58. Kc5 Nc4 59. f4 Nxd6 60. Kb6 Nc4+ 61. Kxa6 Kc6 62. f5 f6 63. Ka7 Ne3 64. Ka6 Nxf5 65. Ka5 Nd6 66. Ka6 f5 0-1

[Event "Titled Tuesday intern op 20th Oct"]
[Site "Chess.com INT"]
[Date "2020.10.20"]
[Round "6"]
[White "Langner, Ladislav"]
[Black "Lorne, Ras Malaku"]
[Result "1-0"]
[WhiteElo "2377"]
[BlackElo "2117"]
[PlyCount "87"]
[EventDate "2020.10.20"]
[EventType "swiss (blitz)"]
[EventRounds "11"]
[EventCountry "USA"]
[SourceTitle "EXT 2022"]
[Source "ChessBase"]
[SourceDate "2021.10.06"]
[SourceVersion "1"]
[SourceVersionDate "2021.10.06"]
[SourceQuality "1"]

1. e4 c6 2. d4 d5 3. e5 Bf5 4. Nd2 e6 5. Nb3 Nd7 6. Nf3 Bg4 7. h3 Bh5 8. Be3 Qb6 9. a4 a5 10. Be2 Ne7 11. g4 Bg6 12. 0-0 h5 13. Nfd2 hxg4 14. hxg4 f6 15. f4 Be4 16. Nxe4 dxe4 17. c4 fxe5 18. fxe5 Ng6 19. Kg2 Be7 20. Nd2 0-0-0 21. Nxe4 Ndxe5 22. Bg1 Nh4+ 23. Kg3 g5 24. dxe5 Rxd1 25. Bxb6 Rxa1 26. Rxa1 Bb4 27. Rd1 Ng6 28. Nxg5 Nxe5 29. Nxe6 Re8 30. Rd8+ Rxd8 31. Nxd8 Bd6 32. Kg2 Kd7 33. c5 Be7 34. g5 Bxd8 35. Bxd8 Kxd8 36. Kg3 Ke7 37. Kf4 Ke6 38. Bg4+ Nxg4 39. Kxg4 Kd5 40. Kf5 Kxc5 41. g6 b5 42. g7 bxa4 43. g8Q Kb4 44. Qa2 1-0

[Event "Titled Tuesday intern op 20th Oct"]
[Site "Chess.com INT"]
[Date "2020.10.20"]
[Round "2"]
[White "Lorne, Ras Malaku"]
[Black "Riline Orso, Alejandro"]
[Result "1-0"]
[WhiteElo "2117"]
[BlackElo "2143"]
[PlyCount "109"]
[EventDate "2020.10.20"]
[EventType "swiss (blitz)"]
[EventRounds "11"]
[EventCountry "USA"]
[SourceTitle "EXT 2022"]
[Source "ChessBase"]
[SourceDate "2021.10.06"]
[SourceVersion "1"]
[SourceVersionDate "2021.10.06"]
[SourceQuality "1"]

1. d4 Nf6 2. Bg5 d5 3. Bxf6 exf6 4. c4 dxc4 5. Nc3 Bb4 6. e3 0-0 7. Bxc4 c5 8. a3 Bxc3+ 9. bxc3 Qa5 10. Qd2 Nc6 11. Ne2 Rd8 12. 0-0 cxd4 13. exd4 b5 14. Bd3 a6 15. Qc2 g6 16. Rfc1 Bb7 17. Be4 Rac8 18. Qd2 Kg7 19. Qf4 Qc7 20. Qf3 Na5 21. Bxb7 Qxb7 22. Qxb7 Nxb7 23. a4 Nd6 24. f3 Rc4 25. axb5 axb5 26. Rcb1 g5 27. Kf2 h5 28. Ra6 h4 29. Ke3 Nf5+ 30. Kd3 Re8 31. Rxb5 Rxe2 32. Kxe2 Ne7 33. Kd3 Rc7 34. Rab6 Ng6 35. g3 h3 36. Rb7 Rc6 37. R7b6 Rc8 38. c4 Ra8 39. d5 Ra2 40. Rb2 Ra3+ 41. R6b3 Ra1 42. Kd4 Ne5 43. Re3 Rd1+ 44. Kc5 Rc1 45. Rxe5 fxe5 46. d6 Rd1 47. Kc6 f5 48. c5 e4 49. fxe4 fxe4 50. d7 e3 51. Re2 Rd3 52. Kc7 g4 53. c6 Kf6 54. d8Q+ Rxd8 55. Kxd8 1-0

[Event "Titled Tuesday intern op 20th Oct"]
[Site "Chess.com INT"]
[Date "2020.10.20"]
[Round "5"]
[White "Lorne, Ras Malaku"]
[Black "Song, Michael"]
[Result "0-1"]
[WhiteElo "2117"]
[BlackElo "2421"]
[PlyCount "52"]
[EventDate "2020.10.20"]
[EventType "swiss (blitz)"]
[EventRounds "11"]
[EventCountry "USA"]
[SourceTitle "EXT 2022"]
[Source "ChessBase"]
[SourceDate "2021.10.06"]
[SourceVersion "1"]
[SourceVersionDate "2021.10.06"]
[SourceQuality "1"]

1. d4 Nf6 2. Bg5 d5 3. Nf3 c5 4. Bxf6 gxf6 5. e3 Nc6 6. c4 dxc4 7. d5 Na5 8. Bxc4 Nxc4 9. Qa4+ Bd7 10. Qxc4 b5 11. Qxc5 Rc8 12. Qxa7 Rc1+ 13. Ke2 Rxh1 14. Ne1 Qc8 15. Nd2 f5 16. h3 Bg7 17. Qa3 0-0 18. Qxe7 Re8 19. Qb4 f4 20. Qxf4 Bxb2 21. Rb1 Bg7 22. g4 Rxh3 23. f3 Rh1 24. Ne4 Qc4+ 25. Kf2 Qxa2+ 26. Kg3 Qxb1 0-1

[Event "Titled Tuesday intern op 20th Oct"]
[Site "Chess.com INT"]
[Date "2020.10.20"]
[Round "3"]
[White "Shapiro, David"]
[Black "Lorne, Ras Malaku"]
[Result "0-1"]
[WhiteElo "2399"]
[BlackElo "2117"]
[PlyCount "50"]
[EventDate "2020.10.20"]
[EventType "swiss (blitz)"]
[EventRounds "11"]
[EventCountry "USA"]
[SourceTitle "EXT 2022"]
[Source "ChessBase"]
[SourceDate "2021.10.06"]
[SourceVersion "1"]
[SourceVersionDate "2021.10.06"]
[SourceQuality "1"]

1. d4 Nf6 2. Bf4 d5 3. Nc3 a6 4. e3 Bf5 5. f3 e6 6. g4 Bg6 7. h4 h5 8. g5 Nfd7 9. Bd3 Bxd3 10. Qxd3 g6 11. e4 dxe4 12. Nxe4 Bg7 13. Ne2 Nc6 14. 0-0-0 0-0 15. c3 b5 16. d5 exd5 17. Qxd5 Nde5 18. Qc5 Nd3+ 19. Rxd3 Qxd3 20. Qxc6 Qxe2 21. Bxc7 Kh8 22. Nd6 Qe6 23. f4 Qe3+ 24. Kb1 Qxf4 25. Ne8 Qf5+ 0-1

[Event "Speed Chess Super Swiss"]
[Site "Chess.com INT"]
[Date "2020.10.03"]
[Round "3"]
[White "Lorne, Ras Malaku"]
[Black "Martinez Reyes, Pedro Ramon"]
[Result "0-1"]
[WhiteElo "2117"]
[BlackElo "2422"]
[PlyCount "52"]
[EventDate "2020.10.03"]
[EventType "swiss (blitz)"]
[EventRounds "15"]
[EventCountry "USA"]
[SourceTitle "CBM 198 Extra"]
[Source "ChessBase"]
[SourceDate "2020.11.30"]
[SourceVersion "1"]
[SourceVersionDate "2020.11.30"]
[SourceQuality "1"]

1. d4 Nf6 2. Bg5 Ne4 3. Bf4 d5 4. f3 Nf6 5. c4 c6 6. Nc3 g6 7. e3 Bg7 8. Bd3 0-0 9. Nge2 b6 10. 0-0 Ba6 11. b3 Nbd7 12. Rc1 e6 13. Qd2 Nh5 14. Bd6 Re8 15. g4 Nhf6 16. Bg3 c5 17. cxd5 Bxd3 18. Qxd3 Nxd5 19. Ne4 cxd4 20. Nxd4 Nc5 21. Nxc5 bxc5 22. Rxc5 Nxe3 23. Bf2 Nxf1 24. Kxf1 e5 25. Qc4 exd4 26. Rd5 Qc8 0-1

[Event "Titled Tuesday intern op 29th Sept"]
[Site "Chess.com INT"]
[Date "2020.09.29"]
[Round "3"]
[White "De Silva, LMST"]
[Black "Lorne, Ras Malaku"]
[Result "1-0"]
[WhiteElo "2153"]
[BlackElo "2117"]
[PlyCount "69"]
[EventDate "2020.09.29"]
[EventType "swiss (blitz)"]
[EventRounds "10"]
[EventCountry "USA"]
[SourceTitle "CBM 198 Extra"]
[Source "ChessBase"]
[SourceDate "2020.11.30"]
[SourceVersion "1"]
[SourceVersionDate "2020.11.30"]
[SourceQuality "1"]

1. e4 e5 2. Nf3 Nc6 3. Bc4 Bc5 4. 0-0 d6 5. c3 Nf6 6. d3 0-0 7. h3 h6 8. Re1 Be6 9. Bb3 Bb6 10. Nbd2 Qd7 11. Nf1 Rad8 12. Ng3 Rfe8 13. d4 Bxb3 14. axb3 d5 15. exd5 Qxd5 16. c4 Qd7 17. d5 e4 18. Nh2 Qd6 19. Be3 Nb4 20. Ng4 Nd3 21. Re2 Nxg4 22. hxg4 Bxe3 23. Rxe3 c6 24. Nxe4 Qb4 25. Qxd3 cxd5 26. cxd5 a6 27. Rae1 Rf8 28. Nc3 Rd6 29. Re7 Qxg4 30. Qg3 Qxg3 31. fxg3 Rb6 32. Rc7 Rd8 33. Ree7 Rf6 34. Ne4 Rf5 35. d6 1-0

[Event "Titled Tuesday intern op 29th Sept"]
[Site "Chess.com INT"]
[Date "2020.09.29"]
[Round "10"]
[White "Huda, Maryana"]
[Black "Lorne, Ras Malaku"]
[Result "1-0"]
[WhiteElo "2128"]
[BlackElo "2117"]
[PlyCount "117"]
[EventDate "2020.09.29"]
[EventType "swiss (blitz)"]
[EventRounds "10"]
[EventCountry "USA"]
[SourceTitle "CBM 198 Extra"]
[Source "ChessBase"]
[SourceDate "2020.11.30"]
[SourceVersion "1"]
[SourceVersionDate "2020.11.30"]
[SourceQuality "1"]

1. Nf3 c5 2. g3 Nc6 3. d4 cxd4 4. Nxd4 Qb6 5. Nb3 Nf6 6. Bg2 g6 7. 0-0 Bg7 8. e4 a6 9. Be3 Qc7 10. Nc3 0-0 11. Nd5 Nxd5 12. exd5 Na5 13. Nxa5 Qxa5 14. Bd4 d6 15. Bxg7 Kxg7 16. Qd4+ Kg8 17. Rfe1 Qc7 18. h4 h5 19. a4 b6 20. Ra3 Ra7 21. Rc3 Qb8 22. Rce3 Re8 23. Qf4 Bf5 24. c4 a5 25. Bf3 Kg7 26. Bxh5 Qc8 27. Bd1 Rc7 28. b3 Qd8 29. g4 Bc8 30. h5 Rh8 31. Rh3 e5 32. dxe6 Bxe6 33. Qd4+ Qf6 34. h6+ Rxh6 35. Qxf6+ Kxf6 36. Rxh6 d5 37. cxd5 Bxd5 38. Rh8 Rc3 39. Rb8 Bxb3 40. Bxb3 Rxb3 41. Re4 Kg5 42. Kg2 Rb2 43. Rd4 f6 44. Kg3 Rb3+ 45. f3 f5 46. gxf5 Kxf5 47. Rg8 Ke5 48. Re4+ Kf5 49. Rf8+ Kg5 50. Rg4+ Kh6 51. Rh8+ Kg7 52. Rc8 b5 53. axb5 Rxb5 54. Rc7+ Kf6 55. Rc6+ Kf7 56. Rgxg6 a4 57. Ra6 Rb4 58. Rgb6 Rxb6 59. Rxb6 1-0

[Event "Titled Tuesday intern op 01st Sept"]
[Site "Chess.com INT"]
[Date "2020.09.01"]
[Round "3"]
[White "Lorne, Ras Malaku"]
[Black "Fajdetic, Hrvoje"]
[Result "1-0"]
[WhiteElo "2117"]
[BlackElo "2151"]
[PlyCount "77"]
[EventDate "2020.09.01"]
[EventType "swiss (blitz)"]
[EventRounds "10"]
[EventCountry "USA"]
[SourceTitle "CBM 198 Extra"]
[Source "ChessBase"]
[SourceDate "2020.11.30"]
[SourceVersion "1"]
[SourceVersionDate "2020.11.30"]
[SourceQuality "1"]

1. d4 e6 2. c4 f5 3. Nc3 Nf6 4. Bf4 Bb4 5. Qb3 Nc6 6. Nf3 d6 7. a3 Bxc3+ 8. Qxc3 0-0 9. e3 b6 10. Bd3 Bb7 11. 0-0-0 a5 12. Rhg1 Qe7 13. d5 Nd8 14. dxe6 Ne4 15. Bxe4 fxe4 16. Nd4 Nxe6 17. Nxe6 Qxe6 18. Rd4 Rf5 19. Kb1 Rc5 20. Qb3 b5 21. Rc1 Ba6 22. Qc3 bxc4 23. Qc2 d5 24. f3 exf3 25. gxf3 Rb8 26. Ka1 Rb3 27. Qd1 Rcb5 28. Rc2 c6 29. e4 Qf6 30. exd5 cxd5 31. Rxd5 Rxa3+ 32. Kb1 h6 33. Rxb5 Bxb5 34. bxa3 Ba4 35. Qd5+ Kh7 36. Rxc4 Bb3 37. Qe4+ g6 38. Rc7+ Kg8 39. Qe8+ 1-0

[Event "Charlotte CCCSA Summer IM-B"]
[Site "Charlotte"]
[Date "2019.06.05"]
[Round "1"]
[White "Lorne, Ras Malaku"]
[Black "Wang, Jason"]
[Result "0-1"]
[WhiteElo "2159"]
[BlackElo "2287"]
[PlyCount "118"]
[EventDate "2019.06.05"]
[EventType "tourn"]
[EventRounds "9"]
[EventCountry "USA"]
[EventCategory "3"]
[SourceTitle "CBM 190 Extra"]
[Source "ChessBase"]
[SourceDate "2019.07.15"]
[SourceVersion "1"]
[SourceVersionDate "2019.07.15"]
[SourceQuality "1"]

1. c4 e5 2. g3 Nc6 3. Nc3 Bc5 4. Bg2 a6 5. e3 d6 6. Nge2 Ba7 7. 0-0 h5 8. d4 Nge7 9. b3 h4 10. b4 hxg3 11. hxg3 exd4 12. exd4 Bg4 13. Be3 Qd7 14. b5 axb5 15. cxb5 Na5 16. Re1 Qf5 17. Qb1 0-0-0 18. Nd5 Nxd5 19. Qxf5+ Bxf5 20. Bxd5 c6 21. Rac1 Kd7 22. bxc6+ bxc6 23. Bf3 d5 24. g4 Bh7 25. Bf4 Bb8 26. Rc5 Nc4 27. Bxb8 Rxb8 28. Nc3 Bg6 29. Be2 Nd6 30. Ra5 Ra8 31. Rxa8 Rxa8 32. Bd1 Nc4 33. Be2 Nb2 34. f4 Ra3 35. Rc1 Bd3 36. Kf2 Bxe2 37. Kxe2 Na4 38. Nxa4 Rxa4 39. Rd1 Rxa2+ 40. Kf3 Ra3+ 41. Kf2 Kd6 42. f5 Rh3 43. Kg2 Rc3 44. Ra1 Rc4 45. Ra7 Rxd4 46. Kf3 g6 47. Rxf7 gxf5 48. Rxf5 Ke6 49. Rf8 Rd1 50. Kg3 c5 51. g5 c4 52. Kg4 c3 53. Rc8 d4 54. Kh5 Rh1+ 55. Kg6 Rh2 56. Kg7 c2 57. g6 d3 58. Kg8 Rh1 59. Rc4 Ke5 0-1

[Event "Olympiad-43"]
[Site "Batumi"]
[Date "2018.10.02"]
[Round "8.1"]
[White "Kayonde, Andrew"]
[Black "Lorne, Ras Malaku"]
[Result "1-0"]
[WhiteElo "2393"]
[BlackElo "2161"]
[PlyCount "61"]
[EventDate "2018.09.24"]
[EventType "team-swiss"]
[EventRounds "11"]
[EventCountry "GEO"]
[SourceTitle "CBM 187"]
[Source "ChessBase"]
[SourceDate "2018.12.11"]
[SourceVersion "1"]
[SourceVersionDate "2018.12.11"]
[SourceQuality "1"]
[WhiteTeam "Zambia"]
[BlackTeam "Jamaica"]
[WhiteTeamCountry "ZAM"]
[BlackTeamCountry "JAM"]

1. d4 Nf6 2. c4 e6 3. Nc3 Bb4 4. e3 0-0 5. Nge2 d5 6. a3 Be7 7. cxd5 exd5 8. Nf4 Re8 9. Bd3 c6 10. 0-0 Nbd7 11. f3 Nf8 12. Kh1 Bd6 13. Bc2 Ne6 14. Nxe6 Bxe6 15. e4 dxe4 16. fxe4 Ng4 17. e5 Qh4 18. Bf4 Bc7 19. Ne4 f5 20. Ng5 Nf2+ 21. Rxf2 Qxf2 22. Bg3 Qe3 23. Qh5 h6 24. Nxe6 Rxe6 25. Qxf5 Rae8 26. Rf1 g6 27. Qf7+ Kh8 28. Bxg6 R6e7 29. Qf6+ Kg8 30. Bf7+ Kh7 31. Qg6+ 1-0

[Event "Olympiad-43"]
[Site "Batumi"]
[Date "2018.09.27"]
[Round "4.58"]
[White "Lorne, Ras Malaku"]
[Black "Klaasen, Calvin Jong"]
[Result "1/2-1/2"]
[WhiteElo "2161"]
[BlackElo "2262"]
[PlyCount "199"]
[EventDate "2018.09.24"]
[EventType "team-swiss"]
[EventRounds "11"]
[EventCountry "GEO"]
[SourceTitle "CBM 187"]
[Source "ChessBase"]
[SourceDate "2018.12.11"]
[SourceVersion "1"]
[SourceVersionDate "2018.12.11"]
[SourceQuality "1"]
[WhiteTeam "Jamaica"]
[BlackTeam "South Africa"]
[WhiteTeamCountry "JAM"]
[BlackTeamCountry "RSA"]

1. d4 g6 2. e4 Bg7 3. g3 d6 4. Bg2 Nf6 5. Ne2 0-0 6. 0-0 e5 7. Nbc3 c6 8. h3 b5 9. a3 Bb7 10. Be3 Nbd7 11. f4 exd4 12. Bxd4 Re8 13. g4 c5 14. Bxf6 Nxf6 15. Nxb5 Nxe4 16. c4 a6 17. Nbc3 Nxc3 18. bxc3 Bxg2 19. Kxg2 Rb8 20. Ra2 Qe7 21. Qd3 Qe4+ 22. Rf3 Rb3 23. a4 a5 24. Rd2 Qc6 25. f5 Bh6 26. fxg6 hxg6 27. Rc2 Re3 28. Qd5 Qxd5 29. cxd5 Re4 30. Ra2 Bg7 31. Kf2 Be5 32. Rd3 c4 33. Re3 Rxe3 34. Kxe3 Bxc3 35. Nxc3 Rxc3+ 36. Kd4 Rxh3 37. Kxc4 Rg3 38. Kb5 Rxg4 39. Kxa5 Rd4 40. Kb6 Rxd5 41. a5 Re5 42. a6 Re8 43. a7 f5 44. a8Q Rxa8 45. Rxa8+ Kf7 46. Kc6 Ke6 47. Re8+ Kf6 48. Kxd6 Kg5 49. Ke5 Kg4 50. Rf8 Kf3 51. Rf6 Ke3 52. Rxg6 f4 53. Ra6 f3 54. Ra3+ Ke2 55. Ke4 f2 56. Ra2+ Ke1 57. Ke3 f1N+ 58. Kd3 Ng3 59. Rg2 Nf1 60. Re2+ Kd1 61. Re8 Ng3 62. Ke3 Nf1+ 63. Kf2 Nd2 64. Rc8 Nb3 65. Ke3 Nc1 66. Rc3 Ne2 67. Rd3+ Ke1 68. Rd2 Ng3 69. Rg2 Nf1+ 70. Kd3 Kd1 71. Rf2 Ke1 72. Re2+ Kd1 73. Ra2 Ke1 74. Rb2 Ng3 75. Rh2 Nf1 76. Rg2 Kd1 77. Re2 Ng3 78. Rf2 Ke1 79. Rf3 Nf1 80. Rf8 Ng3 81. Rf7 Nf1 82. Rf3 Nd2 83. Re3+ Kd1 84. Re7 Nf3 85. Ke3 Ne1 86. Rc7 Nc2+ 87. Kd3 Ne1+ 88. Kc3 Ke2 89. Re7+ Kf2 90. Rf7+ Ke2 91. Rf8 Nf3 92. Re8+ Kf2 93. Kd3 Ne1+ 94. Ke4 Ke2 95. Rd8 Nf3 96. Rd3 Nd2+ 97. Kd4 Nf3+ 98. Kc3 Ne1 99. Rh3 Nf3 100. Rxf3 1/2-1/2

[Event "Olympiad-43"]
[Site "Batumi"]
[Date "2018.09.25"]
[Round "2.2"]
[White "Garber, Ousainou"]
[Black "Lorne, Ras Malaku"]
[Result "0-1"]
[WhiteElo "1701"]
[BlackElo "2161"]
[PlyCount "116"]
[EventDate "2018.09.24"]
[EventType "team-swiss"]
[EventRounds "11"]
[EventCountry "GEO"]
[SourceTitle "CBM 187"]
[Source "ChessBase"]
[SourceDate "2018.12.11"]
[SourceVersion "1"]
[SourceVersionDate "2018.12.11"]
[SourceQuality "1"]
[WhiteTeam "Gambia"]
[BlackTeam "Jamaica"]
[WhiteTeamCountry "GAM"]
[BlackTeamCountry "JAM"]

1. d4 Nf6 2. Nf3 d5 3. e3 c5 4. Bb5+ Nc6 5. dxc5 e6 6. 0-0 Bxc5 7. Ne5 Qc7 8. Ng4 Ne4 9. f3 Nd6 10. Ba4 0-0 11. c3 f5 12. Nf2 Nc4 13. Re1 a6 14. b4 Bd6 15. f4 b5 16. Bc2 a5 17. bxa5 Rxa5 18. Nd2 Qa7 19. Nxc4 bxc4 20. a4 Bd7 21. Ba3 Bxa3 22. Rxa3 Ra8 23. g4 g6 24. gxf5 exf5 25. Qf3 Ne7 26. Rb1 Bc6 27. Qe2 Qc5 28. Rba1 Nc8 29. Qd2 Nb6 30. Qd4 Qxd4 31. cxd4 Bxa4 32. Bxa4 Rxa4 33. Rxa4 Rxa4 34. Rb1 Ra6 35. Kf1 Kf7 36. Nd1 Ke7 37. Nc3 Ra3 38. Rc1 Rb3 39. Kf2 Rb2+ 40. Kg3 Ke6 41. h4 Rb3 42. Kf3 Kd6 43. Kg3 Nd7 44. Rc2 Nf6 45. Kf3 Ne4 46. Nd1 Kc6 47. Ke2 Kb5 48. Nb2 Kb4 49. Nd1 Nc3+ 50. Nxc3 Rxc3 51. Rb2+ Rb3 52. Ra2 Kc3 53. Ra5 Rb2+ 54. Kf3 Kd2 55. Rxd5 c3 56. e4 c2 57. Rc5 Rb3+ 58. Kf2 Rc3 0-1

[Event "Olympiad-43"]
[Site "Batumi"]
[Date "2018.09.24"]
[Round "1.18"]
[White "Lorne, Ras Malaku"]
[Black "Cori, Jorge Moise"]
[Result "0-1"]
[WhiteElo "2161"]
[BlackElo "2664"]
[PlyCount "80"]
[EventDate "2018.09.24"]
[EventType "team-swiss"]
[EventRounds "11"]
[EventCountry "GEO"]
[SourceTitle "CBM 187"]
[Source "ChessBase"]
[SourceDate "2018.12.11"]
[SourceVersion "1"]
[SourceVersionDate "2018.12.11"]
[SourceQuality "1"]
[WhiteTeam "Jamaica"]
[BlackTeam "Peru"]
[WhiteTeamCountry "JAM"]
[BlackTeamCountry "PER"]

1. d4 Nf6 2. Bg5 g6 3. Bxf6 exf6 4. e3 Bg7 5. g3 0-0 6. Bg2 f5 7. Ne2 d6 8. 0-0 Nd7 9. c4 Nf6 10. Nbc3 Re8 11. b4 a6 12. Qc2 Rb8 13. Rac1 Be6 14. Nd5 Ne4 15. Ndf4 Bd7 16. h4 c6 17. Rfd1 h6 18. Nc3 Qe7 19. a4 Rbc8 20. Nxe4 fxe4 21. d5 c5 22. bxc5 Rxc5 23. Qb3 Bg4 24. Rd2 Rec8 25. Rdc2 R8c7 26. Bf1 Be5 27. Ne2 Qf6 28. Rd2 g5 29. hxg5 hxg5 30. Rcc2 Qh6 31. Nd4 Bf3 32. Nxf3 exf3 33. Qd3 f6 34. Qf5 Rh7 35. Bh3 Qxh3 36. Qxf3 g4 37. Qg2 Qxg2+ 38. Kxg2 Rhc7 39. Rd3 Rxc4 40. Rxc4 Rxc4 0-1